00584nam a2200157 a 4500001001000000005001700010008004100027050002400068100002800092245008600120260003500206300003100241500009400272504002700366600003300393BRCA_191020190320203610.0040608s2004----mx-a---###---#000-0#spa-# 4aN8080.S3b.S26 20041 aJuárez Merlo, Eduardo10aXPO Santiagobperegrino y caballerocEduardo Juárez Merlo, Evelin Flores Rueda. aPueblabCONACULTA : INAHc2004 a96 p.bil. a colorc21 cm. aCatálogo de exposición realizada en el Museo de Arte Popular Religioso (Puebla), 2004 aBibliografía : p. 9314aSantiago ApostolxEn el arte